00803cam a22002533a 450000100060000000300060000600500170001200800410002904000150007004200070008505000070009210000370009924501430013626000290027950600300030851600200033865300240035865300250038265300140040765300250042170000320044683000290047885600420050727829PGUSA20140828083612.0090118s2009||||xxu|||||s|||||000 | eng d aPGUSAbeng adc 4aBL1 aToy, Crawford Howell,d1836-191910aIntroduction to the History of Religions :bHandbooks on the History of Religions, Volume IVh[electronic resource] /cCrawford Howell Toy bProject Gutenberg,c2009 aPublic domain in the USA. aElectronic text aReligion -- History aRites and ceremonies aMythology aReligions -- History1 aJastrow, Morris,d1861-1921 0aProject Gutenbergv2782940uhttp://www.gutenberg.org/ebooks/27829